The Walking Dead Season 2 Deaths - Statistics

General Stats
  • This quiz has been taken 228 times
  • The average score is 11 of 13
Answer Stats
Character Cause of Death % Correct
Sophia Peletier Killed by a walker
97%
Otis Devoured by walkers
95%
Sophia Peletier-Walker Shot in the head
93%
Dale Horvath Disembowled by walker and shot in the head
89%
Shane Walsh-Walker Shot in the head
88%
Tony Shot in the chest and head
83%
Sean Shot and devoured by walkers
82%
Dave Shot in the head
82%
Shane Walsh Stabbed in the heart
80%
Patricia Devoured by walkers
78%
Jimmy Devoured by walkers and burned in fire
78%
Randall Culver Neck broken
66%
Randall Culver-Walker Impaled in the head
63%
No matching quizzes found
Score Distribution
Percent of People with Each Score
Percentile by Number Answered
Your Score History
You have not taken this quiz